Least Urbanized Countries - Statistics

General Stats
  • This quiz has been taken 150 times
  • The average score is 10 of 20
Answer Stats
Urbanized Population (%) Country % Correct
23.5 Chad
84%
16.6 Niger
82%
13.7 Burundi
78%
20.2 South Sudan
78%
17.4 Rwanda
75%
21.7 Ethiopia
66%
25.0 Uganda
63%
17.4 Malawi
62%
13.3 Papua New Guinea
57%
24.2 Eswatini
46%
20.6 Nepal
46%
24.7 Solomon Islands
45%
22.9 F. S. Micronesia
41%
17.9 Samoa
37%
23.1 Tonga
37%
24.2 Cambodia
32%
18.7 Sri Lanka
20%
24.4 Antigua and Barbuda
15%
14.4 Liechtenstein
13%
18.8 Saint Lucia
13%
No matching quizzes found
Score Distribution
Percent of People with Each Score
Percentile by Number Answered
Your Score History
You have not taken this quiz